Kliknij państwa europejskie w górnej połowie według wysokości - Statystyki

Ogólne statystyki
  • Ten quiz został rozwiązany 233 razy
  • Średni wynik to 10 z 23
Answers on the Grid
Answers color-coded by a green-red scale on the quiz's grid according to % correct below.
Albania
Andora
Austria
Belgia
Białoruś
Bośnia i Hercegowina
Bułgaria
Chorwacja
Czarnogóra
Czechy
Dania
Estonia
Finlandia
Francja
Grecja
Hiszpania
Holandia
Islandia
Irlandia
Kosowo
Liechtenstein
Litwa
Luksemburg
Łotwa
Macedonia Północna
Malta
Mołdawia
Monako
Niemcy
Norwegia
Polska
Portugalia
Rosja
Rumunia
San Marino
Serbia
Słowacja
Słowenia
Szwajcaria
Szwecja
Ukraina
Watykan
Węgry
Wielka Brytania
Włochy
 
Statystyki odpowiedzi
Odpowiedź % Poprawnych
3798 m (5) Austria
81%
4806 m (2) Włochy
69%
4634 m (4) Szwajcaria
66%
4806 m (2) Francja
64%
2499 m (19) Polska
63%
2962 m (7) Niemcy
60%
2943 m (8) Andora
59%
5642 m (1) Rosja
57%
3479 m (6) Hiszpania
55%
2654 m (15) Słowacja
55%
2469 m (20) Norwegia
46%
2918 m (10) Grecja
43%
2864 m (11) Słowenia
42%
2599 m (16) Liechtenstein
40%
2534 m (18) Czarnogóra
39%
2545 m (17) Rumunia
34%
2764 m (12) Albania
33%
2386 m (21) Bośnia i Hercegowina
27%
2925 m (9) Bułgaria
23%
2110 m (23) Islandia
23%
2764 m (13) Macedonia Północna
19%
2169 m (22) Serbia
18%
2660 m (14) Kosowo
16%
Nie znaleziono quizów pasujących do podanych kryteriów
Rozkład punktacji
Procent ludzi z każdym wynikiem
Percentyl według liczby udzielonych odpowiedzi
Twoja historia wyników
Nie rozwiązałeś tego quizu